000 01015naa a22003017a 4500
001 BR6800246
003 BR-BrBNA
005 20240918173322.0
007 ta
008 230509b bl.||||| |||| 00| 0 por d
040 _aBR-BrBNA
_bpor
_cBiblioteca Nacional de Agricultura
041 _a(Pt)
072 _aF30
_b2480
_b3540
_bG514
090 _aF30 BR6800246
100 1 _aPinheiro, E.
245 1 _aSeringueira de plantacao [Cruzamento vegetal; Enxerto; Brasil]
260 3 _aBrasilia, DF (Brasil):
_c1968.
500 _aLivro anual da agricultura - 1968. Revolucao tecnologica Brasilia, DF (Brasil): 1968. p. 173-185 (BR6800246-AM)F30
650 _aMelhoramento genetico vegetal
650 _aSeringueira
650 _aEnxerto
650 _aCruzamento vegetal
650 _aHibrido
650 _aClone
773 0 _tLivro anual da agricultura - 1968. Revolucao tecnologica
_wF30 BR6800246
_gBrasilia, DF (Brasil), 1968. p. 173-185
909 _a202404
_bLucia
_c55
_dLucia Elande
942 _cAM
_2AGRIS
999 _c303951
_d303951